Quartieri di Roma - Statistics

Statistiche generali
  • Questo quiz è stato fatto 692 volte
  • Il punteggio medio è 13 su 35
Statistiche sulle risposte
Numero Risposta % Corretto
II. Parioli
69%
XXII. Europa
68%
XIX. Prenestino-Centocelle
61%
XXIV. Lido di Ostia Levante
54%
XXIII. Lido di Ostia Ponente
54%
IX. Appio-Latino
52%
X. Ostiense
47%
I. Flaminio
46%
V. Nomentano
46%
VIII. Tuscolano
46%
XXV. Appio Claudio
45%
XXVI. Appio-Pignatelli
45%
VI. Tiburtino
45%
XVII. Trieste
39%
VII. Prenestino-Labicano
38%
IV. Salario
38%
XIII. Aurelio
36%
XXVIII. Monte Sacro alto
36%
XVI. Monte Sacro
34%
XI. Portuense
32%
XII. Gianicolense
31%
XXX. San Basilio
31%
XXVII. Primavalle
28%
XVIII. Tor di Quinto
26%
XIV. Trionfale
26%
XX. Ardeatino
25%
III. Pinciano
25%
XXII. Collatino
24%
XXI. Pietralata
24%
XXIX. Ponte Mammolo
24%
XXIII. Alessandrino
23%
XV. Della Vittoria
19%
XXIV. Don Bosco
18%
XXI. Giuliano-Dalmata
18%
XXV Lido di Castel Fusano
17%
Nessun quiz corrispondente trovato
Distribuzione punteggi
Percentuale di utenti per punteggio
Percentile per numero di risposta
I tuoi punteggi nel tempo
Non hai fatto questo quiz